[Event "FIDE-Wch"]
[Site "San Luis"]
[Date "2005.10.11"]
[Round "12"]
[White "Morozevich, Alexander"]
[Black "Polgar, Judit"]
[Result "1/2-1/2"]
[WhiteElo "2707"]
[BlackElo "2735"]
[Annotator "Mikhalevski,V"]
[PlyCount "108"]
[EventDate "2005.09.28"]
[EventType "tourn"]
[EventRounds "14"]
[EventCountry "ARG"]
[EventCategory "20"]
[SourceTitle "CBM 110"]
[Source "ChessBase"]
[SourceDate "2006.01.31"]
[SourceVersion "1"]
[SourceVersionDate "2006.01.31"]
[SourceQuality "1"]

1. Nc3 {. . . We can expect this move from nobody else but Morozevich.} c5 (
1... d5 {would be a mistake as it allowed Alex to get his favourite Chigorin
with an extra tempo.} 2. d4 $1) 2. Nf3 Nf6 3. e4 d6 4. d4 cxd4 5. Nxd4 a6 {
Eventually the game transposes to the very popular variation of Naidorf.} 6.
Be3 Ng4 7. Bg5 h6 8. Bh4 g5 9. Bg3 Bg7 {A very popular setup. Most of the top
players including Kasparov played it both with the white and the black pieces.
Also this tournament hasn't become an exception.} 10. Be2 {At the beginning of
this setup White made this move almost automatically.} ({Svidler and
Kasimdzhanov preferred the more fashionable} 10. h3 {in San Luis.} Ne5 11. Nf5
(11. f3 Nbc6 12. Bf2 Ng6 13. Qd2 Qa5 14. O-O-O Bd7 15. Kb1 Rc8 16. g3 Nxd4 17.
Bxd4 Bxd4 18. Qxd4 Qe5 19. Qf2 Rxc3 $5 20. bxc3 Qxc3 21. Rd3 Qa5 22. Qe3 Be6
23. Ra3 Qb4+ 24. Ka1 Kd7 25. Be2 Qc5 26. Rb1 $1 $16 {[%csl Ra6,Rb7,Rd7] and
Black started to experience problems with the queenside. 1-0 Svidler,P-Polgar,
J/San Luis ARG 2005 (59)}) 11... Bxf5 12. exf5 Nbc6 13. Nd5 e6 14. fxe6 $1 {
An essential exchange.} (14. Ne3 Qa5+ 15. c3 Nf3+ $3 16. Qxf3 Bxc3+ 17. Kd1
Qa4+ 18. Nc2 Bxb2 19. fxe6 fxe6 20. Qb3 Qxb3 21. axb3 Bxa1 22. Nxa1 Ke7 $44 {
0-1 Svidler,P-Topalov,V/San Luis ARG 2005 (44)}) 14... fxe6 15. Ne3 O-O ({
Anand didn't know yet Topalov's smashing idea of the next round. Otherwise he
might have tried} 15... Qa5+ 16. c3 Nf3+ 17. Qxf3 Bxc3+ 18. Kd1 Qa4+ 19. Nc2 (
19. Kc1 $5 {Now this move may work thanks to an intermediate check on h5,
which was impossible with the pawns on f5 and f7 in Topalov's game.} Bxb2+ 20.
Kxb2 Qb4+ 21. Kc1 Nd4 22. Qh5+ Kd8 {In any cases Black's attack shouldn't be
underestimated.}) 19... Bxb2 20. Qb3 Qxb3 21. axb3 Bxa1 22. Nxa1 Ke7 {see
Svidler-Topalov.}) 16. Be2 Qe7 17. O-O Rad8 18. Bh5 Kh8 19. Re1 d5 20. a4 $14 {
1-0 Kasimdzhanov,R-Anand,V/San Luis ARG 2005 (38). (37)}) 10... h5 11. h4 gxh4
12. Rxh4 Nc6 13. Nb3 Be6 14. Qd2 Rc8 $5 {A very uncommon line. Black's not in
a hurry with 14...Qb6 which allows 15.Nd5, but waits for White to weaken the
f2-pawn and only then comes with Qb6.} (14... Qb6 {is the main line.} 15. Nd5
Bxd5 16. exd5 Nce5 17. c3 (17. O-O-O {was more popular.}) 17... Ng6 18. Rh3 h4
19. Bxg4 hxg3 20. Rxh8+ Bxh8 21. Qe3 gxf2+ 22. Kxf2 Qxe3+ 23. Kxe3 Ne5 24. Be2
Kd7 25. Nd2 Rg8 26. Rh1 Bf6 $15 {and Black is better thanks to a more compact
pawn structure. 0-1 Topalov,V-Kasparov,G/Geneve 1996 (64)}) 15. O-O-O ({
Black won a nice game after} 15. Qg5 $2 Bf6 $1 {[%csl Rg5,Rh4]} 16. Rxh5 Kd7 $1
17. Nc5+ $2 (17. Rxh8 Qxh8 18. Qd2 Nb4 {[%csl Rc3] is also very dangerous for
White, but that's what White had to do.}) 17... dxc5 18. Qd2+ Nd4 19. Bxg4 Bxg4
$1 20. Rd5+ Ke8 21. Qf4 ({It turns out that after} 21. Rxd8+ Rxd8 $19 {[%csl
Re1][%cal Gh8h1] White can't stop Rh1.}) 21... Bd7 $19 22. O-O-O e6 {and White
resigned in 0-1 Smikovsky,I-Yudasin,L, Chigorin mem 1997./CBM62[Atlas].}) 15...
Qb6 $5 {[%cal Gg4f2] Only this move is new. Black attacks the f2-pawn and thus
provokes the exchange of the queens.} ({The only previous game saw} 15... Bf6
16. Rhh1 h4 17. Nd5 $1 Bxd5 18. exd5 Nce5 19. Bxe5 Nxe5 20. Qb4 Qc7 21. c3 Rg8
{and Black should be OK. Movsesian,S-Kalod,R After GP Mladi 1997/CBM61[Gershon]
.}) 16. f3 (16. Na4 {is senseless in view of} Qa7) 16... Qe3 $1 {After the
exchange of queens the black king feels safer.} 17. Bf4 $1 {White will try to
play on the weakness of the h5-pawn, which is the only clear target in Black's
position.} (17. Nd5 $6 {looks very risky.} Bxd5 18. exd5 Nb4 19. c3 Nxd5 (19...
Bh6 20. Kb1 $1) (19... Nxa2+ $5 {also deserves attention.} 20. Kb1 Bxc3 21.
Qxe3 Nxe3 22. Kxa2 Nxd1 23. Bxd1 Bf6 $13) 20. fxg4 Qxg3 $15) 17... Qxd2+ 18.
Rxd2 {White takes his rook away from a fork on f2.} ({In case of} 18. Bxd2 Bf6
$1 {[%cal Gg4f2] White would have to give up an exchange since Nf2 is coming.})
18... Nge5 {[%cal Ge5g6,Ge5c4] The knight goes to c4 creating on the way a
threat of Ng6. White has to move either rook or bishop.} (18... Bf6 {was
interesting with the idea} 19. Rh1 Bxc3 20. bxc3 Nge5 {[%csl Ra2,Rc2,Rc3] and
Black compensates the weakness of the h-pawn by White's weaknesses on the
queenside.}) 19. Be3 Bf6 20. Rh1 Nc4 {Forcing an exchange of one of the white
bishops. Black obtains an advantage by the bishop's pair.} 21. Bxc4 Bxc4 {
[%cal Gb7b5]} 22. Na4 $1 {Just in time. Otherwise Black would play b5 herself.}
b5 $1 {Anyway. The bishop on c4 will be untouchable.} 23. Nb6 Rb8 24. Kb1 $5 {
White wants to bring his passive knight into play by means of Nc1-e2-f4.} (24.
Nxc4 bxc4 25. Nd4 c3 $1 26. bxc3 Ne5 $1 {with very strong compensation for a
pawn.}) 24... h4 {[%csl Rg2] Judit fixes the g-pawn on g2.} 25. f4 {[%cal
Gb6d5] White has in mind Nd5 and so he restricts the black pieces and may at
some point break through with e5.} Rb7 26. Nc1 {White creates a hidden threat
of f5 followed by b3, but in fact it's not really a threat because even after
capturing the bishop the knight will be pinned on the b-file and most likely
lost.} (26. Nd5 {White could try to exploit the weakness of the h-pawn by
means of} Bxd5 27. exd5 Nb8 28. Bd4 {but Black is just in time to
counterattack the centre.} Nd7 29. g3 h3 30. Rdh2 Bxd4 31. Nxd4 Nf6 32. Rxh3
Rxh3 33. Rxh3 Nxd5 {and Black should be able to retain the balance.}) 26... Rg8
$1 {[%cal Gg8g3]} 27. Rh3 {[%csl Gg3] Covering the g3-square.} (27. f5 Rg3)
27... Rg4 $1 {Black's position looks very comfortable while White has to find
a way how to unpin his pieces.} 28. b3 Be6 $5 (28... Bf1 $5 {[%csl Rg2]
deserves serious attention.} 29. Rh2 b4 $1 {Preparing to meet Rf2 with Bb5.}
30. Nd3 Rg3 (30... Bxd3 31. cxd3 (31. Rxd3 $2 Rxb6 $1 32. Bxb6 Rxf4 {and Black
picks up the e4-pawn and obtains a clear advantage.}) 31... Nd4 $1 32. Nd5 Bg7
{[%cal Ge7e6] with the idea of e6 and the initiative is on Black's side.})) 29.
Ne2 Rxg2 30. f5 {It starts to seem that White's position is getting better.
He's going to play Nd5, to exchange Black's dark-squared bishop and to win
back the h-pawn.} Bd7 ({With a fantastic positional blow} 30... Rxb6 $1 31.
Bxb6 Bd7 {[%csl Re4,Rf5][%cal Gd6d5] preparing d5! Black could maintain the
initiative although White seems to be able to escape to a draw.} 32. Be3 d5 $1
(32... e6 $5) 33. exd5 Bxf5 34. Rf3 Bg4 35. Rxf6 $1 (35. dxc6 Rxe2 $3 36. Rd1 (
36. Rxe2 Bxf3 37. c7 Kd7 38. Rf2 Bb7 39. Bf4 Kc8 $15) 36... Re1 $1 37. Rxe1
Bxf3 38. c7 Kd7 $15) 35... exf6 36. dxc6 Rxe2 37. Rxe2 Bxe2 $11) 31. Nd5 Ne5 $2
{This is a risky continuation from the positional point of view. There was no
point in destroying her own pawn structure.} ({The position after} 31... Be5
32. Rxh4 e6 33. Ndf4 {is close to equality.}) 32. Nxf6+ exf6 33. Nc3 $1 {
[%csl Rd6,Rf6][%cal Gc3d5] Suddenly the knight finds a very nice square on d5.
Now it's getting clear that Black misplayed her nice position.} ({Certainly not
} 33. Rxh4 $2 Nf3 {[%csl Rd2,Rh4]} 34. Rh8+ Ke7 {and White loses an exchange.})
33... Rg3 (33... Rxd2 34. Bxd2 Bc6 35. a3 $1 {and the position is already
slightly better for White.}) 34. Rxg3 hxg3 35. Nd5 (35. Bf4 $5 {looks better.})
35... Bc6 $1 {[%csl Re4]} 36. Nxf6+ Ke7 37. Nh5 f6 {Black gives up a pawn
which wasn't necessary.} (37... Bxe4 $2 {would be a blunder in view of} 38.
Bg5+ $1 {and suddenly the king can't find a good square.} Kf8 39. Rxd6 $1 {
[%cal Rd6d8,Gh5g3] and in view of the threat of mate in one Black loses also
the g3-pawn.}) ({After the correct} 37... Nf3 38. Re2 g2 $1 39. Rxg2 Bxe4 40.
Ng3 Bc6 {Black is not worse.}) 38. Nxg3 Rb8 $1 {[%csl Re4][%cal Gb8g8,Gg8g4]
As some compensation for the sacrificed pawn she activates the rook and
creates some threats to the e4-pawn.} 39. Rh2 {[%cal Gh2h7]} ({It's hard to
believe that the passive} 39. Bf4 Rg8 40. Rd4 Rg4 41. Ne2 {can promise any
advantage.}) 39... Rg8 40. Rh7+ Nf7 41. Bf4 Rg4 42. Nh5 ({In case of} 42. Bxd6+
Kxd6 43. Rxf7 Rxg3 44. Rxf6+ Kc7 {Black at least shouldn't be worse.}) 42...
Bxe4 {Judit still looks for initiative.} (42... Rh4 {leads to a forced draw.}
43. Bd2 Bxe4 44. Nxf6 Rxh7 45. Nxh7 Bxf5 46. Ng5 $11) 43. Bxd6+ $1 Kxd6 44.
Rxf7 Rg2 $1 {[%csl Rb1,Rc2] The idea behind 42...Bxe4.} 45. Rxf6+ Ke5 46. Re6+
({The immediate} 46. Rxa6 Bxc2+ 47. Ka1 Bxf5 {doesn't change much. Black
compensates a pawn by better placed pieces.}) 46... Kxf5 47. Rxa6 Bxc2+ 48. Kc1
Be4 $11 49. Ra5 Bd3 50. a4 Rc2+ 51. Kd1 Ra2 {[%csl Rd1,Rh5][%cal Gd3e2] The
threat of Be2+ forces White to repeat the moves.} 52. Kc1 Rc2+ 53. Kd1 Ra2 54.
Kc1 Rc2+ {An interesting fighting draw.} 1/2-1/2

[Event "Sinquefield Cup 4th"]
[Site "Saint Louis"]
[Date "2016.08.05"]
[Round "1"]
[White "Giri, Anish"]
[Black "Vachier Lagrave, Maxime"]
[Result "1/2-1/2"]
[WhiteElo "2769"]
[BlackElo "2819"]
[Annotator "Moradiabadi,E"]
[PlyCount "93"]
[EventDate "2016.08.05"]
[EventType "tourn"]
[EventRounds "9"]
[EventCountry "USA"]
[EventCategory "22"]
[SourceTitle "CBM 174"]
[Source "ChessBase"]
[SourceDate "2016.09.13"]
[SourceVersion "1"]
[SourceVersionDate "2016.09.13"]
[SourceQuality "1"]

1. e4 {Anish Giri must have been very well prepared for this game since MVL
plays the Najdorf almost exclusively.} c5 2. Nf3 d6 3. d4 cxd4 4. Nxd4 Nf6 5.
Nc3 a6 {There we are!} 6. Be3 Ng4 {MVL has a number of games here too, most
notably against Ivanchuk in Tata Steel 2015. This move gained respect and
found its way into theory books thanks to Kasparov's games in 1990s.} 7. Bc1 {
Draw? Or Giri is trying to force English attack?} Nf6 8. f3 {No one likes a
short draw of course! Anish forces the game into the English attack.} e5 9. Nb3
Be6 {Both parties are developing their pieces according to very well-known
theory of this opening.} 10. Be3 Be7 (10... Nbd7 {followed by h5 is a less
theoretic, yet riskier choice.}) 11. Qd2 O-O 12. O-O-O Nbd7 {[#] The players
follow the most popular and most direct continuation. The following moves are
more or less forced.} 13. g4 b5 14. g5 b4 15. gxf6 (15. Ne2 {used to be the
main line when I was a 'young GM'. However, recent theoretical improvements
have shown that this is just a draw!} Ne8 16. f4 a5 17. f5 a4 18. fxe6 axb3 19.
exf7+ Rxf7 20. cxb3 Rxa2 21. Ng3 Rxf1 22. Rhxf1 Ra1+ 23. Kc2 Qc8+ 24. Kd3 Qa6+
25. Kc2 Qc6+ 26. Kd3 Qa6+ 27. Kc2 Qc6+ 28. Kd3 Qa6+ {1/2-1/2 (26) Lu,S (2619)
-Wen,Y (2614) Xinghua 2016}) 15... bxc3 16. Qxc3 Nxf6 17. Na5 Rc8 18. Nc6 Qe8 (
18... Qd7) (18... Qc7) 19. Nxe7+ Qxe7 20. Qa5 {We are still following the most
popular continuation. There is nothing new to talk about, yet!} Rc6 21. Kb1
Rfc8 22. Rd2 {Ok, now we only have 46 games, according to ChessBase Online
database!} Nh5 23. Rg1 Qh4 $146 {According to my database this move is novelty.
The idea seems very simple. Black wants to mate white in the back rank!
However, jokes aside, black plans to activate his pieces in a move active
manner compared to when the queen is on f6.} (23... Qf6) (23... g6) (23... h6 {
have been played}) 24. Be2 $1 {The h2 pawn is of coure a taboo. Giri's
reaction is deep. He transfers his bishop to d1 in order to cover both f3 and
c2, as well as his back-rank.} Nf4 (24... Qxh2 $4 25. Bxa6) 25. Bd1 $1 f5 $6 {
Computers do not like this move but black has to do something here and this
move is a typical reaction in this sort of positions.} (25... h6 {is one of
many suggestions of engines.}) 26. exf5 Bxf5 27. Ka1 d5 {This is also a forced
move. Otherwise white would play c3 and Bb3 with an unplesant attack for white,
on both sides! MVL correctly tries to diminish the material on the board.} (
27... Bxc2 28. Rxc2 Rxc2 29. Bxc2 Rxc2 30. Qa4 $1 {[%cal Ra4e8,Ra4c2]} Rc8 31.
Qd7 {[%cal Rd7g7,Rd7c8]}) 28. c3 Rg6 $1 {This does not change the evaluation
of the position but it is a good practical decision.} 29. Rxg6 hxg6 30. Bxf4
Qxf4 31. Qxd5+ {Ok, white is a pawn up but he is far from winning. All of
black's pieces are active and white still needs to do something about his weak
back rank.} Kh7 32. Bb3 a5 33. a4 $1 {Giri is very accurate!} Re8 {Now Giri is
closest to win than ever, however, his next move throws the win away on spot.}
34. Ka2 $4 (34. Qb5 Re7 (34... Qxd2 35. Qxe8 Qc1+ 36. Ka2 Qb1+ 37. Ka3 Qa1+ 38.
Ba2 Qe1 39. f4 $18 {black has to give up queen or let white to mate him on g8
and then h8.}) 35. Rd6 Qxf3 36. Ka2 Qe4 (36... e4 37. Qb8 e3 38. h4 {and mate
follows}) 37. Ka3 {Now white's king is safe and black's back rank is so weak.
White's attack will be decisive.}) 34... Be6 $1 35. Qc6 {This is forced.} Bxb3+
36. Kxb3 Rb8+ 37. Kc2 Rxb2+ {There we are, white's advantage is all gone. I
wonder if Anish had missed this move or he just forgot about Be6.} 38. Kxb2
Qxd2+ 39. Kb3 Qxh2 40. Qd5 Qe2 41. Qxa5 Qd1+ 42. Kb2 Qd2+ 43. Kb3 Qd1+ 44. Kb2
Qd2+ 45. Ka3 Qc1+ 46. Kb4 Qb1+ 47. Ka3 {A good day for MVL, when his opening
adventure went astray. Anish Giri had only one bad move in this game,
unfortunately, it was enough for MVL to make a draw.} 1/2-1/2

[Event "EU-ch 18th"]
[Site "Minsk"]
[Date "2017.06.07"]
[Round "8"]
[White "Demchenko, Anton"]
[Black "Kovalenko, Igor"]
[Result "1-0"]
[WhiteElo "2629"]
[BlackElo "2657"]
[Annotator "Moradiabadi,E"]
[PlyCount "55"]
[EventDate "2017.05.30"]
[EventType "swiss"]
[EventRounds "11"]
[EventCountry "BLR"]
[SourceTitle "CBM 179"]
[Source "ChessBase"]
[SourceDate "2017.07.12"]
[SourceVersion "1"]
[SourceVersionDate "2017.07.12"]
[SourceQuality "1"]

1. e4 c5 2. Nf3 e6 3. d4 cxd4 4. Nxd4 Nf6 5. Nc3 Nc6 6. a3 d6 7. Be3 Be7 8. Be2
O-O 9. Qd2 a6 10. O-O-O Na5 11. Kb1 Qc7 12. g4 Nc4 13. Bxc4 Qxc4 14. Rhg1 d5
15. exd5 Rd8 16. Bg5 exd5 17. Rge1 Be6 18. f3 Rac8 19. Nf5 {White looks faster
in his attack and in complete control of the centre. Kovalenko decides to
complicate matters.} Bxa3 20. Bxf6 gxf6 21. Qh6 Bf8 22. Qxf6 {The position
looks lost for Black. However, White needs to remain focussed and control
matters.} Qc7 $2 {This makes White's task much easier.} (22... d4 23. Re4 h6 {
and it is not easy to find a straightforward win for White especially when
computer suggests a move like Rg1 in this position!}) 23. Re5 $1 {The g-file
will be penetrated and thus the game will be concluded soon.} h6 24. Nxh6+ Bxh6
25. Rde1 $1 {Accurate play by Demchenko.} Bf5 {A funny move but White has two
rooks for the g-file!} 26. gxf5 Rd6 27. Re8+ Bf8 28. Rxf8+ {and mate is
inevitable.} (28. Rxf8+ Rxf8 (28... Kxf8 29. Qh8#) 29. Rg1+ Kh7 30. Qg7#) 1-0

[Event "USA-ch"]
[Site "Saint Louis"]
[Date "2017.03.30"]
[Round "2"]
[White "Naroditsky, Daniel"]
[Black "Zherebukh, Yaroslav"]
[Result "1/2-1/2"]
[WhiteElo "2646"]
[BlackElo "2605"]
[Annotator "Moradiabadi,E"]
[PlyCount "132"]
[EventDate "2017.03.29"]
[EventType "tourn"]
[EventRounds "11"]
[EventCountry "USA"]
[EventCategory "18"]
[SourceTitle "CBM 178"]
[Source "ChessBase"]
[SourceDate "2017.05.14"]
[SourceVersion "1"]
[SourceVersionDate "2017.05.14"]
[SourceQuality "1"]

1. e4 c5 2. Nf3 d6 3. d4 cxd4 4. Nxd4 Nf6 5. Nc3 a6 6. h4 $6 {Well, not
exactly a novelty but very suspicious. It was played by Peter Heine Nielsen in
2015 and this year three Israeli players used this opening. The idea behind
this line has yet to be understood!} e5 7. Nb3 Be6 {A very normal reaction} 8.
f4 {This was also the choice of the three Israeli players. I still do not
understand why we should weaken g4 and what the pawn is doing on h4!} Nc6 $146
{The most natural move.} (8... exf4 9. Bxf4 d5 (9... Nc6 10. Qd2 b5 11. O-O-O
Ne5 12. Nd5 Rc8 13. Qd4 Nfd7 14. Bg5 f6 15. Bf4 Nc5 16. Be2 Be7 17. Kb1 Rc6 18.
h5 h6 19. Rhf1 O-O 20. Na5 Qxa5 21. Nxe7+ Kh7 22. a3 Rb6 23. Nd5 Bxd5 24. exd5
Ncd7 25. Bd2 Qa4 26. Bb4 Nc5 27. b3 Nxb3 28. Qxb6 Rc8 29. Qe3 Na5 30. Bd3+ Kg8
31. Qh3 Re8 32. Qf5 Kf7 33. Rde1 Nac4 34. Bxc4 bxc4 35. Qf2 Qd7 36. Qb6 c3 37.
Qxd6 Qb5 38. Qc5 {1-0 (38) Reshef,O (2466)-Erenberg,A (2366) Budapest 2017})
10. exd5 Nxd5 11. Nxd5 Bxd5 12. Qd2 Nc6 13. O-O-O Be6 14. Qe3 Qc8 15. a3 Be7
16. Nc5 Bf5 17. Bd3 O-O 18. Bxf5 Qxf5 19. Nxb7 Rac8 20. Rd2 Rfe8 21. Re1 Bf8
22. Qxe8 Rxe8 23. Rxe8 Qxf4 24. g3 Qxg3 25. Rc8 Qg1+ 26. Rd1 Qe3+ 27. Kb1 Qe2
28. Rd6 Qf1+ 29. Ka2 Qc4+ {1/2-1/2 (29) Kobo,O (2501)-Drori,S (2368) Budapest
2017}) (8... Bg4 9. Be2 Bxe2 10. Qxe2 Nbd7 11. g4 Nb6 12. g5 Nfd7 13. a4 Rc8
14. a5 Nc4 15. f5 Be7 16. Nd5 Rc6 17. Rh3 Qc8 18. Rc3 b5 19. axb6 Ndxb6 20.
Nxb6 Nxb6 21. Rxc6 Qxc6 22. Rxa6 O-O 23. Na5 Qc7 24. Be3 Nc8 25. Qc4 {1-0 (25)
Steinberg,N (2486) -Agbabishvili,L (2095) Caleta 2017}) 9. f5 Bxb3 10. axb3 d5
$6 (10... Be7 11. g4 d5 {appeals more to me.}) 11. exd5 (11. Nxd5 Nxd5 12. exd5
Nd4 13. f6 $1 {and this is what Naroditsky might have missed. White has a huge
advantage here. For instance} Qxf6 14. c3 Nf5 15. Bb5+ $18) 11... Nd4 12. Bd3
Nxd5 13. Bb5+ Nxb5 14. Nxd5 Nc7 {The position is balanced now but..} 15. Ra5 $2
{A horrible move which puts White in grave danger. After a topsy-turvy game,
Naroditsky managed to happily survive. Further analyses would follow in future
reports!} b5 16. Nxc7+ Qxc7 17. Qf3 Bb4+ 18. c3 O-O 19. Ra1 e4 {Black is much
better} 20. Qe3 Bd6 21. Rh3 Rfe8 22. Qf2 Be5 23. Kf1 a5 (23... Rad8 24. Be3 Rd5
{looks critical and Black should have a winning attack soon.}) 24. Bd2 Qd7 25.
Re1 Qd5 26. Rhe3 Bc7 27. R3e2 h5 {Black's advantage has been reduced but the
position remains unpleasant for White.} 28. c4 $2 {Desperation in a bad
position.} Qd3 29. Qe3 Qd7 30. Rf2 Be5 31. Bc3 Bxc3 32. Qxc3 Ra6 33. Kg1 b4 34.
Qd2 Rd6 35. Qg5 Rd1 (35... Re5 36. Qxh5 e3 37. Rf4 (37. Rf3 e2 $19) (37. Rfe2
Rxf5 {wins the queen}) 37... Rd3 {with a huge advantage since the pawns on the
queenside would fall soon.}) 36. Rxd1 Qxd1+ 37. Kh2 f6 38. Qe3 Qd6+ 39. g3 Qe5
40. Qf4 Qc5 41. Re2 Re5 42. Kg2 e3 43. Qf3 Qd4 44. Qxh5 Qd3 45. c5 Qxb3 46. c6
Qd5+ 47. Qf3 Qc5 (47... Qxf3+ 48. Kxf3 Rxf5+ 49. Kxe3 Rc5 {looks like a
winning endgame to me. It seems like Yaroslav's last chance to win this game.})
48. g4 a4 49. Kh3 Kf8 50. c7 Qxc7 51. Rxe3 Rxe3 52. Qxe3 Qc2 53. Qe6 Qd3+ 54.
Kg2 b3 55. Qc8+ Ke7 56. Qe6+ Kf8 57. Qc8+ Ke7 58. Qe6+ Kd8 59. Qg8+ Kc7 60.
Qxg7+ Qd7 61. Qf8 Qd2+ 62. Kf3 Qd3+ 63. Kf2 Qd4+ 64. Kf3 Kb7 65. h5 Qd3+ 66.
Kf2 Qd2+ 1/2-1/2